| 000 | 00707nam a22001577a 4500 | ||
|---|---|---|---|
| 003 | OSt | ||
| 005 | 20151216143419.0 | ||
| 008 | 151216b xxu||||| |||| 00| 0 eng d | ||
| 040 | _cRUA | ||
| 082 | _aAED TON 2005 B219 Or.1 | ||
| 100 |
_94924 _aTON, CHHEANGORN. |
||
| 245 | _aThe study on agricultural extension project of adess in prasat bakong district siemreap province, ការសិក្សាលើគំរោងផ្សព្វផ្សាយបច្ចេកទេសកសិកម្ម របស់អាដេស នៅស្រុកប្រសាទបាគង ខេត្តសៀមរាប | ||
| 260 |
_aPhnom Penh _bRUA _c2005 |
||
| 300 |
_ax; 58p. _bill. _c29cm. |
||
| 942 |
_2ddc _cAED |
||
| 999 |
_c4575 _d4575 |
||